Valores en la vida de Juan Pablo Duarte. / (Registro nro. 8097)

Detalles MARC
000 -LIDER
fixed length control field 00878nam a2200277 a 4500
001 - NÚMERO DE CONTROL
Identificador de número de control 000040697
003 - IDENTIFICACDOR DE NÚMERO DE CONTROL
control field DO-SdBNP
005 - DATE AND TIME OF LATEST TRANSACTION
control field 20240304090102.0
007 - CAMPOS FIJOS DE DESCRIPCIÓN FÍSICA
fixed length control field 000040697
008 - ELEMENTOS DE LONGITUD FIJA
fixed length control field 130905s2013 dr a 000 0 spa d
020 ## - ISBN
International Standard Book Number 9789945006988
040 ## - FUENTE DE CATALOGACIÓN
Agencia que crea de manera original el registro BPMSU
Idioma de catalogación spa
Agencia que realiza la transcripción BPMSU
082 #4 - NÚMERO DE CLASIFICACIÓN DECIMAL DE DEWEY
Classification number 923.27293
Item number D812S 2013
Edition number 22
100 1# - ASIENTO PRINCIPAL -- NOMBRE PERSONAL
Nombre personal Stanley, Avelino
Fechas asociadas con el nombre 1959-
245 10 - MENCIÓN DE TITULO
Título Valores en la vida de Juan Pablo Duarte. /
Mención de responsabilidad Avelino Stanley.
260 ## - PUBLICACIÓN, DISTRIBUCIÓN, ETC. (PIE DE IMPRENTA)
Lugar de publicación, distribución, etc Santo Domingo, :
Nombre del editor, distribuidor, etc. Superintendencia de Pensiones,
Fecha de publicación, distribución, etc 2013.
300 ## - DESCRIPCIÓN FÍSICA
Extensión 91 p. :
Otros detalles físicos il. ;
Dimensiones 22 cm.
500 ## - NOTA GENERAL
Nota general Incluye datos biográficos del autor en la p. 90
504 ## - NOTA DE BIBLIOGRAFÍA, ETC.
Bibliography, etc Bibliografía p: 81-84
590 ## - NOTA LOCAL
Texto de la nota local Inventariado, 2024/VM
600 14 - ENCABEZAMIENTO DE MATERIA--NOMBRE PERSONAL
Nombre personal Duarte y Diez, Juan Pablo
Fechas asociadas con el nombre 1813-1876
650 #4 - ENCABEZAMIENTO DE MATERIA--TEMÁTICO
Término temático o nombre geográfico como elemento de entrada Conducta (Ética)
700 1# - ASIENTO SECUNDARIO -- NOMBRE PERSONAL
Nombre personal Núñez, Miguel
Mención de responsabilidad il.
910 ## - VALIDACIÓN
Validación VMateo V./ Validado. Control de calidad MFF
942 ## - ADDED ENTRY ELEMENTS (KOHA)
Source of classification or shelving scheme Dewey Decimal Classification
Koha item type Libros
Existencias
Withdrawn status Lost status Source of classification or shelving scheme Damaged status Not for loan Collection code Home library Current library Date acquired Total Checkouts Full call number Barcode Date last seen Copy number Price effective from Koha item type
    Dewey Decimal Classification     Colección Dominicana Biblioteca Pública Metropolitana Salomé Ureña Biblioteca Pública Metropolitana Salomé Ureña 08/06/2015   BPMSU CD 923.2 D812S 2013 BPMSU15080119 08/06/2015 e.2 08/06/2015 Libros
    Dewey Decimal Classification     Colección Dominicana Biblioteca Pública Metropolitana Salomé Ureña Biblioteca Pública Metropolitana Salomé Ureña 08/06/2015   BPMSU CD 923.2 D812S 2013 BPMSU15080120 08/06/2015   08/06/2015 Libros
    Dewey Decimal Classification     Colección Dominicana Biblioteca Pública Metropolitana Salomé Ureña Biblioteca Pública Metropolitana Salomé Ureña 08/06/2015   RD 923.2 D812A BPMSU15080121 08/06/2015 ej. 3 08/06/2015 Libros